00475 a2200169 4500001000700000020000600007040001100013100002700024240004700051245004200098362000900140440000800149697002000157942000700177952010200184999001900286160238 a  cMagnum aBoulos Junior, Alfredo10aO trabalhador vai a luta: 1o. de maiolpor10aO trabalhador vai a luta: 1o. de maio0 a1899 1aFTD aIJ/PARADIDATICO cBK 00104070a32.5b32.5d2024-06-08l0oLI.02208pMAG00002333r2024-06-08 20:32:23w2024-06-08yBK c160238d160238